[Event "2. Bundesliga West 2019/20"]
[Site "Festsaal Marktplatz 3, 5620 Schwarzach"]
[Date "2020.01.19"]
[Round "8"]
[Board "1"]
[White "Berchtenbreiter, Maximilian"]
[Black "Fedorovsky, Michael"]
[Result "1-0"]
[WhiteElo "2467"]
[BlackElo "2434"]
[PlyCount "55"]
[EventDate "2019.10.04"]
[EventType "team"]
[EventRounds "11"]
[EventCountry "AUT"]
[WhiteTeam "Hohenems II"]
[BlackTeam "Jenbach 2"]

1. d4 Nf6 2. Bf4 e6 3. e3 b6 4. Nd2 c5 5. a4 a6 6. Ngf3 Bb7 7. c3 Be7 8. Qb3
cxd4 9. exd4 O-O 10. Be2 d6 11. O-O Nbd7 12. Rfe1 e5 13. dxe5 dxe5 14. Bg3 e4
15. Nd4 Rc8 16. Rad1 Nc5 17. Qc2 Qd7 18. Nc4 Nd5 19. a5 bxa5 20. Nxa5 Ba8 21.
Bc4 Rfd8 22. Qe2 g6 23. Nab3 Nxb3 24. Bxb3 a5 25. Ra1 Nxc3 26. bxc3 Rxc3 27.
Be5 Bc5 28. Ne6  1-0

[Event "2. Bundesliga West 2019/20"]
[Site "Festsaal Marktplatz 3, 5620 Schwarzach"]
[Date "2020.01.19"]
[Round "8"]
[Board "2"]
[White "Reich, Thomas"]
[Black "Atlas, Dmitry"]
[Result "1-0"]
[WhiteElo "2376"]
[BlackElo "2221"]
[PlyCount "56"]
[EventDate "2019.10.04"]
[EventType "team"]
[EventRounds "11"]
[EventCountry "AUT"]
[WhiteTeam "Jenbach 2"]
[BlackTeam "Hohenems II"]

1. d4 d5 2. c4 c6 3. Nc3 Nf6 4. e3 e6 5. Nf3 Nbd7 6. Qc2 Bd6 7. Be2 dxc4 8.
Bxc4 b5 9. Be2 Qc7 10. O-O O-O 11. e4 e5 12. dxe5 Nxe5 13. Nxe5 Bxe5 14. f4
Bd4+ 15. Kh1 Qb6 16. e5 Nd5 17. Nxd5 cxd5 18. Bd3 h6 19. Qe2 Bd7 20. Bd2 b4 21.
Rad1 Rfe8 22. Qf3 Bb5 23. Qe2 Bxd3 24. Qxd3 Bxb2 25. Be3 d4 26. Bg1 Bc3 27. f5
Qc5 28. Qf3 Qf8  1-0

[Event "2. Bundesliga West 2019/20"]
[Site "Festsaal Marktplatz 3, 5620 Schwarzach"]
[Date "2020.01.19"]
[Round "8"]
[Board "3"]
[White "Hofer, Emilian"]
[Black "Micheli, Carlo"]
[Result "1-0"]
[WhiteElo "2192"]
[BlackElo "2212"]
[PlyCount "48"]
[EventDate "2019.10.04"]
[EventType "team"]
[EventRounds "11"]
[EventCountry "AUT"]
[WhiteTeam "Hohenems II"]
[BlackTeam "Jenbach 2"]

1. e4 c5 2. Nf3 e6 3. d4 cxd4 4. Nxd4 a6 5. Bd3 Nf6 6. Qe2 d6 7. c4 Nbd7 8. O-O
Be7 9. Nc3 Qc7 10. f4 g6 11. Kh1 h5 12. Bd2 h4 13. Rae1 h3 14. Nf3 hxg2+ 15.
Qxg2 Nc5 16. Bc2 e5 17. Ng5 Ne6 18. Ba4+ Kf8 19. fxe5 dxe5 20. Nd5 Qd8 21.
Nxe6+ Bxe6 22. Nxe7 Ng4 23. Nxg6+ Kg8 24. Nxh8 Kxh8  1-0

[Event "2. Bundesliga West 2019/20"]
[Site "Festsaal Marktplatz 3, 5620 Schwarzach"]
[Date "2020.01.19"]
[Round "8"]
[Board "4"]
[White "Hoellrigl, Wilfried"]
[Black "Lins, Philipp"]
[Result "1/2-1/2"]
[WhiteElo "2216"]
[BlackElo "2130"]
[PlyCount "84"]
[EventDate "2019.10.04"]
[EventType "team"]
[EventRounds "11"]
[EventCountry "AUT"]
[WhiteTeam "Jenbach 2"]
[BlackTeam "Hohenems II"]

1. e4 d6 2. d4 Nf6 3. Nc3 c6 4. f4 Qa5 5. Bd3 e5 6. Nf3 exd4 7. Nxd4 Qb6 8. Nf3
Be7 9. Qe2 Bg4 10. h3 Bxf3 11. Qxf3 Nbd7 12. Rb1 Nc5 13. Be3 Nxd3+ 14. cxd3 Qd8
15. O-O O-O 16. d4 Ne8 17. e5 f5 18. d5 Qc7 19. dxc6 bxc6 20. Nd5 Qd7 21. Nxe7+
Qxe7 22. Qxc6 Rd8 23. Rfe1 Rf7 24. e6 Rf6 25. Bd4 Rxe6 26. Kf2 Nf6 27. Bxf6
Qxf6 28. Rxe6 Qxe6 29. Re1 Rc8 30. Rxe6 Rxc6 31. Re2 Kf7 32. Ke1 Rc4 33. g3 d5
34. Kd2 Re4 35. Kd3 h5 36. h4 a5 37. Rc2 a4 38. Rc6 Rb4 39. Kc3 Re4 40. Rd6
Rc4+ 41. Kd3 Rb4 42. Kc2 Rc4+  1/2-1/2

[Event "2. Bundesliga West 2019/20"]
[Site "Festsaal Marktplatz 3, 5620 Schwarzach"]
[Date "2020.01.19"]
[Round "8"]
[Board "5"]
[White "Heinrici, Simon"]
[Black "Wischounig, Laurin"]
[Result "1/2-1/2"]
[WhiteElo "2131"]
[BlackElo "1938"]
[PlyCount "89"]
[EventDate "2019.10.04"]
[EventType "team"]
[EventRounds "11"]
[EventCountry "AUT"]
[WhiteTeam "Hohenems II"]
[BlackTeam "Jenbach 2"]

1. e4 c6 2. d4 d5 3. Nc3 dxe4 4. Nxe4 Bf5 5. Ng3 Bg6 6. h4 h6 7. h5 Bh7 8. Nf3
Nd7 9. Bd3 Bxd3 10. Qxd3 e6 11. Bf4 Qa5+ 12. Bd2 Bb4 13. c3 Be7 14. c4 Qc7 15.
O-O-O Ngf6 16. Kb1 O-O 17. Nf1 b5 18. cxb5 cxb5 19. Ne3 Qb7 20. Qe2 a5 21. Ka1
Ne4 22. Bc1 a4 23. Nd2 a3 24. Nxe4 axb2+ 25. Bxb2 Qxe4 26. Qd3 Qb7 27. Qb3 Ra4
28. d5 Rb4 29. Qc3 Rxb2 30. Qxb2 Bf6 31. Rd4 Qa7 32. Rhd1 Nc5 33. Kb1 Na4 34.
Qb4 Rc8 35. R4d3 Nc3+ 36. Rxc3 Bxc3 37. Qb3 exd5 38. Nxd5 b4 39. f3 Qc5 40. Rc1
Ra8 41. a4 Qa7 42. g4 Qxa4 43. Qxa4 Rxa4 44. Nxc3 bxc3 45. Rxc3  1/2-1/2

[Event "2. Bundesliga West 2019/20"]
[Site "Festsaal Marktplatz 3, 5620 Schwarzach"]
[Date "2020.01.19"]
[Round "8"]
[Board "6"]
[White "Widner, Stefan"]
[Black "Kienboeck, Benjamin"]
[Result "1-0"]
[WhiteElo "1950"]
[BlackElo "1968"]
[PlyCount "111"]
[EventDate "2019.10.04"]
[EventType "team"]
[EventRounds "11"]
[EventCountry "AUT"]
[WhiteTeam "Jenbach 2"]
[BlackTeam "Hohenems II"]

1. c4 e6 2. d4 Nf6 3. Nc3 Bb4 4. Bd2 b6 5. Nf3 Bb7 6. e3 O-O 7. Bd3 d5 8. O-O
c5 9. a3 cxd4 10. Nxd4 Bc5 11. Nde2 Ba6 12. Nb5 Nc6 13. Bc3 e5 14. cxd5 Nxd5
15. Bc4 Nxc3 16. Nexc3 Qh4 17. Qa4 Kh8 18. g3 Qg4 19. h3 Bxb5 20. Qxb5 Qg6 21.
Bd5 Rac8 22. Rac1 Ne7 23. Bg2 Nf5 24. Be4 Qg5 25. Bxf5 Qxf5 26. b4 Be7 27. Kg2
Qe6 28. Nd5 a6 29. Qd3 e4 30. Qd4 Rcd8 31. Nf4 Qf5 32. Qxb6 g5 33. g4 Qe5 34.
Nh5 f5 35. Rfd1 Bd6 36. Rxd6 Qxd6 37. Qxd6 Rxd6 38. gxf5 Kg8 39. Ng3 Re8 40.
Rc4 Rd5 41. Nxe4 Rf8 42. f6 h6 43. Kg3 Kf7 44. Rc7+ Kg6 45. Kg4 h5+ 46. Kg3 Kf5
47. Nc5 Rd2 48. e4+ Kg6 49. e5 Ra2 50. a4 Ra3+ 51. Kg2 Kf5 52. Re7 a5 53. bxa5
Kg6 54. Ne6 Rc8 55. Nd4 Rxa4 56. Rg7+  1-0

[Event "2. Bundesliga West 2019/20"]
[Site "Festsaal Marktplatz 3, 5620 Schwarzach"]
[Date "2020.01.19"]
[Round "8"]
[Board "1"]
[White "Hoefelsauer, Thomas"]
[Black "Barp, Alberto"]
[Result "1/2-1/2"]
[WhiteElo "2365"]
[BlackElo "2396"]
[PlyCount "82"]
[EventDate "2019.10.04"]
[EventType "team"]
[EventRounds "11"]
[EventCountry "AUT"]
[WhiteTeam "Wolfurt"]
[BlackTeam "Kufstein/Woergl"]

1. Nf3 d5 2. g3 Bg4 3. Bg2 Nd7 4. c4 e6 5. Qb3 Nc5 6. Qc2 Nf6 7. O-O c6 8. d3
Bd6 9. Be3 Qe7 10. b4 Ncd7 11. b5 cxb5 12. cxb5 O-O 13. h3 Rfc8 14. Qb3 Bxf3
15. Bxf3 Rc7 16. Nd2 Rac8 17. Qa4 Bc5 18. Bxc5 Qxc5 19. Nb3 Qb6 20. Rac1 Rxc1
21. Rxc1 Rxc1+ 22. Nxc1 Nc5 23. Qb4 a5 24. Qb2 Ne8 25. e3 Qc7 26. d4 Na4 27.
Qa3 b6 28. Nb3 Nc3 29. Nxa5 Nxb5 30. Qa4 Ned6 31. Nb3 g6 32. Qa8+ Kg7 33. a4
Na7 34. h4 Ndc8 35. h5 gxh5 36. Bxh5 Kf6 37. Bg4 Kg6 38. Nd2 Qc1+ 39. Nf1 Qc6
40. Qb8 Qd6 41. Qb7 Qe7  1/2-1/2

[Event "2. Bundesliga West 2019/20"]
[Site "Festsaal Marktplatz 3, 5620 Schwarzach"]
[Date "2020.01.19"]
[Round "8"]
[Board "2"]
[White "Seresin, Francesco"]
[Black "Neuberger, Guido"]
[Result "1-0"]
[WhiteElo "2362"]
[BlackElo "2246"]
[PlyCount "121"]
[EventDate "2019.10.04"]
[EventType "team"]
[EventRounds "11"]
[EventCountry "AUT"]
[WhiteTeam "Kufstein/Woergl"]
[BlackTeam "Wolfurt"]

1. d4 d5 2. c4 e6 3. Nc3 c5 4. cxd5 cxd4 5. Qxd4 Nc6 6. Qd1 exd5 7. e3 Nf6 8.
Nf3 Bb4 9. Be2 O-O 10. O-O Qe7 11. Nxd5 Nxd5 12. Qxd5 Rd8 13. Qh5 Be6 14. e4 f6
15. Be3 Bf7 16. Qh4 Ne5 17. Nd4 Ng6 18. Qg4 h5 19. Qh3 Qxe4 20. Bf3 Qe8 21.
Bxb7 Rab8 22. Bf3 Ne5 23. Rac1 Nxf3+ 24. Qxf3 Bd5 25. Qf5 Be4 26. Qe6+ Qxe6 27.
Nxe6 Rd3 28. Rc7 Rb7 29. Rxb7 Bxb7 30. Nf4 Rd7 31. Nxh5 Bd6 32. Ng3 Be5 33. b3
a5 34. Rc1 Rd3 35. Nf1 Bc3 36. h3 Kh7 37. Ng3 Kg6 38. Ne2 Be5 39. Nf4+ Bxf4 40.
Bxf4 Bd5 41. Rc5 Rd1+ 42. Kh2 a4 43. bxa4 Bxa2 44. a5 Rd5 45. Rxd5 Bxd5 46. a6
Kf5 47. Bd2 g6 48. g4+ Ke4 49. Kg3 f5 50. f3+ Ke5 51. Bc3+ Kd6 52. gxf5 gxf5
53. h4 Ke6 54. h5 Kf7 55. Kf4 Kg8 56. Bf6 Kh7 57. Bg5 Kg7 58. a7 Kh7 59. Kxf5
Bxf3 60. Ke5 Kg7 61. Kd6  1-0

[Event "2. Bundesliga West 2019/20"]
[Site "Festsaal Marktplatz 3, 5620 Schwarzach"]
[Date "2020.01.19"]
[Round "8"]
[Board "3"]
[White "Janko, Ladislav"]
[Black "Bertagnolli, Alexander"]
[Result "0-1"]
[WhiteElo "2184"]
[BlackElo "2346"]
[PlyCount "140"]
[EventDate "2019.10.04"]
[EventType "team"]
[EventRounds "11"]
[EventCountry "AUT"]
[WhiteTeam "Wolfurt"]
[BlackTeam "Kufstein/Woergl"]

1. e4 c5 2. Nf3 e6 3. c3 Nf6 4. Bd3 d5 5. e5 Nfd7 6. Bc2 c4 7. d4 cxd3 8. Bxd3
Nc6 9. Qe2 h6 10. h4 g6 11. Bf4 Qc7 12. Nbd2 Bg7 13. Bb5 a6 14. Bxc6 bxc6 15.
O-O a5 16. Rfe1 Ba6 17. Qe3 Bf8 18. Rac1 Qb6 19. Qxb6 Nxb6 20. Be3 Rb8 21. Nd4
Kd7 22. b3 Ba3 23. Rcd1 Be7 24. N4f3 Kc7 25. Nb1 c5 26. g3 a4 27. Rd2 Bb7 28.
Nh2 h5 29. Nf3 axb3 30. axb3 Ra8 31. Bg5 Kd7 32. Bxe7 Kxe7 33. Rb2 d4 34. Ng5
Ra1 35. cxd4 cxd4 36. Rd1 Rd8 37. Rbd2 Rd7 38. f4 Bd5 39. Rxd4 Bxb3 40. Rxd7+
Nxd7 41. Rf1 Bc4 42. Rd1 Be2 43. Rxd7+ Kxd7 44. Kf2 Ba6 45. Nc3 Ke7 46. Nce4
Ra2+ 47. Ke3 Rb2 48. Nf6 Bb7 49. Ng8+ Kf8 50. Nf6 Rb3+ 51. Kf2 Bc6 52. Nfh7+
Ke7 53. Nf6 Rb2+ 54. Ke3 Rg2 55. Nge4 Kd8 56. Kf3 Ra2 57. Ke3 Kc7 58. Ng5 Rg2
59. Nge4 Kb6 60. Kf3 Ra2 61. Ke3 Ra3+ 62. Kf2 Kb5 63. Nd6+ Kc5 64. Nxf7 Kd4 65.
Ng5 Ra2+ 66. Ke1 Ke3 67. Kd1 Ba4+ 68. Kc1 Bb3 69. Nd7 Kd4 70. Nf8 Re2  0-1

[Event "2. Bundesliga West 2019/20"]
[Site "Festsaal Marktplatz 3, 5620 Schwarzach"]
[Date "2020.01.19"]
[Round "8"]
[Board "4"]
[White "Koepke, Christian"]
[Black "Bischofberger, Dario"]
[Result "1-0"]
[WhiteElo "2332"]
[BlackElo "2152"]
[PlyCount "25"]
[EventDate "2019.10.04"]
[EventType "team"]
[EventRounds "11"]
[EventCountry "AUT"]
[WhiteTeam "Kufstein/Woergl"]
[BlackTeam "Wolfurt"]

1. e4 e6 2. d4 d5 3. Nc3 Nf6 4. e5 Nfd7 5. Nce2 c5 6. c3 Nc6 7. Nf3 Qa5 8. Bf4
f6 9. exf6 Nxf6 10. dxc5 Qxc5 11. Ned4 a6 12. Bd3 Bd6 13. Nb3  1-0

[Event "2. Bundesliga West 2019/20"]
[Site "Festsaal Marktplatz 3, 5620 Schwarzach"]
[Date "2020.01.19"]
[Round "8"]
[Board "6"]
[White "Maltsev, Oleg"]
[Black "Berchtold, Guenter"]
[Result "1-0"]
[WhiteElo "1992"]
[BlackElo "1934"]
[PlyCount "95"]
[EventDate "2019.10.04"]
[EventType "team"]
[EventRounds "11"]
[EventCountry "AUT"]
[WhiteTeam "Kufstein/Woergl"]
[BlackTeam "Wolfurt"]

1. d4 Nf6 2. c4 e6 3. Nf3 b6 4. g3 Bb7 5. Bg2 Bb4+ 6. Nc3 O-O 7. O-O d5 8. Ne5
Bxc3 9. bxc3 Nbd7 10. Bg5 Qc8 11. Nxd7 Nxd7 12. cxd5 exd5 13. Bh3 Qe8 14. Bf4
Qd8 15. Bg2 Re8 16. c4 c6 17. cxd5 cxd5 18. Re1 Nf8 19. Qb3 Ne6 20. Be3 Qd7 21.
Rec1 Rec8 22. Rab1 Rxc1+ 23. Rxc1 b5 24. Bh3 a6 25. Bd2 Rc8 26. Rxc8+ Qxc8 27.
Qa3 Qc2 28. Qe7 Qc8 29. Bb4 h6 30. Bf5 Bc6 31. e3 Qd7 32. Qh4 Qe8 33. Qg4 g6
34. Bd3 Ng7 35. Qf4 Ne6 36. Qxh6 Ng7 37. h4 Qe6 38. Be2 Bd7 39. a3 Qe4 40. f3
Qb1+ 41. Kf2 Bh3 42. g4 Qh1 43. Qf4 Qg2+ 44. Ke1 Ne6 45. Qb8+ Kh7 46. Bd6 Qg1+
47. Kd2 Qa1 48. Be5  1-0

[Event "2. Bundesliga West 2019/20"]
[Site "Festsaal Marktplatz 3, 5620 Schwarzach"]
[Date "2020.01.19"]
[Round "8"]
[Board "1"]
[White "Barseghyan, Harutyun"]
[Black "Paltrinieri, Nicholas"]
[Result "1/2-1/2"]
[WhiteElo "2500"]
[BlackElo "2323"]
[PlyCount "45"]
[EventDate "2019.10.04"]
[EventType "team"]
[EventRounds "11"]
[EventCountry "AUT"]
[WhiteTeam "Sparkasse Neumarkt"]
[BlackTeam "Rochade/Rum"]

1. d4 e6 2. e4 d5 3. Nd2 Be7 4. Ngf3 Nf6 5. e5 Nfd7 6. Bd3 c5 7. c3 b6 8. O-O
Ba6 9. Ne1 Bxd3 10. Nxd3 Nc6 11. Qg4 g6 12. Nf3 c4 13. Nde1 h6 14. h4 h5 15.
Qg3 b5 16. Ng5 Nb6 17. Nef3 Qd7 18. Qf4 Bd8 19. b3 a5 20. Rb1 Rb8 21. Re1 Rf8
22. Nd2 b4 23. Re3  1/2-1/2

[Event "2. Bundesliga West 2019/20"]
[Site "Festsaal Marktplatz 3, 5620 Schwarzach"]
[Date "2020.01.19"]
[Round "8"]
[Board "2"]
[White "Heinzel, Olaf"]
[Black "Farkas, Richard"]
[Result "1/2-1/2"]
[WhiteElo "2310"]
[BlackElo "2280"]
[PlyCount "80"]
[EventDate "2019.10.04"]
[EventType "team"]
[EventRounds "11"]
[EventCountry "AUT"]
[WhiteTeam "Rochade/Rum"]
[BlackTeam "Sparkasse Neumarkt"]

1. d4 d5 2. Bf4 Nf6 3. e3 c5 4. Nc3 cxd4 5. exd4 a6 6. Nf3 Bg4 7. h3 Bxf3 8.
Qxf3 Nc6 9. O-O-O e6 10. g4 Bd6 11. Bxd6 Qxd6 12. g5 Ng8 13. h4 Nge7 14. Bh3 h5
15. Ne2 Ng6 16. Bg2 Nce7 17. Ng3 Nf4 18. Bf1 Neg6 19. Kb1 b5 20. Bd3 Nxd3 21.
Rxd3 Qf4 22. Qxf4 Nxf4 23. Rc3 Ng6 24. Rc7 Ne7 25. a3 Kd8 26. Rc3 Ra7 27. Rf3
Ke8 28. Rc3 g6 29. Rd1 Kd8 30. Rf3 Nc8 31. Rc3 Nd6 32. Rc5 Kd7 33. Rd3 Rc8 34.
Rxc8 Kxc8 35. Rc3+ Rc7 36. Rxc7+ Kxc7 37. b3 Ne8 38. Kc1 Kd6 39. f4 Ng7 40. Kd2
Ne8  1/2-1/2

[Event "2. Bundesliga West 2019/20"]
[Site "Festsaal Marktplatz 3, 5620 Schwarzach"]
[Date "2020.01.19"]
[Round "8"]
[Board "3"]
[White "Burrer, Fabian"]
[Black "Spornberger, Andre"]
[Result "0-1"]
[WhiteElo "2123"]
[BlackElo "2292"]
[PlyCount "92"]
[EventDate "2019.10.04"]
[EventType "team"]
[EventRounds "11"]
[EventCountry "AUT"]
[WhiteTeam "Sparkasse Neumarkt"]
[BlackTeam "Rochade/Rum"]

1. e4 e6 2. Nf3 d5 3. Nc3 d4 4. Ne2 c5 5. Ng3 Nc6 6. Bc4 Nf6 7. O-O a6 8. a4
Rb8 9. d3 Bd6 10. Qe2 Qc7 11. Bd2 b5 12. axb5 axb5 13. Bb3 O-O 14. Rae1 Nd7 15.
Ng5 h6 16. Nxf7 Rxf7 17. Bxe6 Nf6 18. Bxf7+ Qxf7 19. Nf5 Bxf5 20. exf5 Re8 21.
Qf3 Ne5 22. Qh3 c4 23. f4 Neg4 24. Rxe8+ Qxe8 25. Re1 Ne3 26. c3 Qd7 27. Bxe3
dxe3 28. Qxe3 cxd3 29. Qd4 Qc7 30. Qxd3 Qb6+ 31. Kf1 Bxf4 32. g3 Bb8 33. Re6
Qb7 34. Ke1 Qh1+ 35. Kd2 Qxh2+ 36. Re2 Qxg3 37. Qxb5 Bf4+ 38. Kc2 h5 39. Qc6
Kh7 40. b4 h4 41. Rg2 Qh3 42. Kb3 Qxf5 43. b5 h3 44. Rf2 Qb1+ 45. Kc4 h2 46.
Rxf4 h1=Q  0-1

[Event "2. Bundesliga West 2019/20"]
[Site "Festsaal Marktplatz 3, 5620 Schwarzach"]
[Date "2020.01.19"]
[Round "8"]
[Board "4"]
[White "Moroder, Stefan"]
[Black "Egger, Martin"]
[Result "1-0"]
[WhiteElo "2255"]
[BlackElo "2007"]
[PlyCount "75"]
[EventDate "2019.10.04"]
[EventType "team"]
[EventRounds "11"]
[EventCountry "AUT"]
[WhiteTeam "Rochade/Rum"]
[BlackTeam "Sparkasse Neumarkt"]

1. c4 e6 2. Nc3 d5 3. d4 c6 4. Nf3 Nf6 5. Bg5 dxc4 6. e4 b5 7. e5 h6 8. Bh4 g5
9. Nxg5 hxg5 10. Bxg5 Nbd7 11. exf6 Bb7 12. g3 c5 13. d5 Qb6 14. Bg2 O-O-O 15.
O-O b4 16. Na4 Qa6 17. b3 c3 18. a3 Qb5 19. Re1 c4 20. bxc4 Qxc4 21. dxe6 Bxg2
22. Kxg2 Qc6+ 23. f3 Bd6 24. exd7+ Rxd7 25. Qc2 Rhd8 26. axb4 Bxb4 27. Qe4 Qxe4
28. Rxe4 Rd4 29. Nxc3 Bxc3 30. Rc1 Kb7 31. Rxc3 Rxe4 32. fxe4 a5 33. Bf4 Rd7
34. h4 Kb6 35. Rc8 a4 36. Ra8 Kb5 37. h5 Kb4 38. h6  1-0

[Event "2. Bundesliga West 2019/20"]
[Site "Festsaal Marktplatz 3, 5620 Schwarzach"]
[Date "2020.01.19"]
[Round "8"]
[Board "5"]
[White "Baier, Patrick"]
[Black "Moritz, Christian"]
[Result "0-1"]
[WhiteElo "2021"]
[BlackElo "2063"]
[PlyCount "50"]
[EventDate "2019.10.04"]
[EventType "team"]
[EventRounds "11"]
[EventCountry "AUT"]
[WhiteTeam "Sparkasse Neumarkt"]
[BlackTeam "Rochade/Rum"]

1. e4 e6 2. d4 d5 3. Nc3 Bb4 4. Qg4 Nf6 5. Qxg7 Rg8 6. Qh6 c5 7. Nge2 cxd4 8.
Nxd4 e5 9. Nde2 d4 10. a3 Bf8 11. Qh4 dxc3 12. Nxc3 Rg4 13. Bb5+ Nc6 14. Qh3
Rxe4+ 15. Nxe4 Bxh3 16. Nxf6+ Qxf6 17. gxh3 Bc5 18. Rf1 O-O-O 19. Bxc6 bxc6 20.
Bd2 e4 21. c3 Qf3 22. b4 Rxd2 23. Kxd2 Qd3+ 24. Ke1 Qxc3+ 25. Ke2 Qb2+  0-1

[Event "2. Bundesliga West 2019/20"]
[Site "Festsaal Marktplatz 3, 5620 Schwarzach"]
[Date "2020.01.19"]
[Round "8"]
[Board "6"]
[White "Jedinger, Andreas"]
[Black "Preundler, Stefan"]
[Result "1-0"]
[WhiteElo "2092"]
[BlackElo "1929"]
[PlyCount "57"]
[EventDate "2019.10.04"]
[EventType "team"]
[EventRounds "11"]
[EventCountry "AUT"]
[WhiteTeam "Rochade/Rum"]
[BlackTeam "Sparkasse Neumarkt"]

1. e4 c5 2. Nf3 d6 3. d4 cxd4 4. Nxd4 Nf6 5. Nc3 g6 6. Be3 Bg7 7. f3 O-O 8. Qd2
Nc6 9. O-O-O d5 10. Qe1 e5 11. Nxc6 bxc6 12. exd5 Nxd5 13. Bc4 Be6 14. Kb1 Rb8
15. Ne4 Qc7 16. Bc5 Rfd8 17. b3 h6 18. Ba3 a5 19. g4 a4 20. h4 axb3 21. cxb3 f5
22. gxf5 gxf5 23. Nc5 Bc8 24. Rg1 Kh8 25. Bb2 Qe7 26. Rxg7 Kxg7 27. Qxe5+ Kh7
28. Rg1 Rg8 29. Rxg8  1-0

[Event "2. Bundesliga West 2019/20"]
[Site "Festsaal Marktplatz 3, 5620 Schwarzach"]
[Date "2020.01.19"]
[Round "8"]
[Board "1"]
[White "Burschowsky, Matthias"]
[Black "Shengelia, David"]
[Result "0-1"]
[WhiteElo "2249"]
[BlackElo "2531"]
[PlyCount "96"]
[EventDate "2019.10.04"]
[EventType "team"]
[EventRounds "11"]
[EventCountry "AUT"]
[WhiteTeam "ASK Salzburg"]
[BlackTeam "Absam"]

1. c4 e6 2. g3 d5 3. Bg2 Nf6 4. Nf3 Be7 5. O-O O-O 6. b3 b6 7. Bb2 Bb7 8. e3
dxc4 9. bxc4 c5 10. Qe2 Nc6 11. d3 Qc7 12. Nc3 Rac8 13. Rad1 Rfd8 14. Ne1 Nb4
15. f4 Bxg2 16. Qxg2 Qd7 17. g4 Ne8 18. g5 Nd6 19. e4 Bf8 20. f5 exf5 21. e5
Ne8 22. a3 Nc6 23. Nd5 Nc7 24. Nf6+ gxf6 25. gxf6+ Kh8 26. Qh3 Nd4 27. Qh5 Nce6
28. Rd2 Bh6 29. Qxh6 Rg8+ 30. Kh1 Rg6 31. Qh3 Rcg8 32. Bxd4 Nxd4 33. Rg2 Qc6
34. Rf4 h6 35. Rh4 Kh7 36. Rf4 Rg5 37. Rff2 f4 38. Rxf4 Rxe5 39. Rf1 Reg5 40.
Rff2 Re8 41. Rf1 Re2 42. Kg1 Ra2 43. Rxg5 Ne2+ 44. Kf2 Nf4+ 45. Kg3 Nxh3 46.
Rg7+ Kh8 47. Kxh3 Qe6+ 48. Kg3 Qe5+  0-1

[Event "2. Bundesliga West 2019/20"]
[Site "Festsaal Marktplatz 3, 5620 Schwarzach"]
[Date "2020.01.19"]
[Round "8"]
[Board "2"]
[White "Lehner, Oliver"]
[Black "Juergens, Klaus"]
[Result "1/2-1/2"]
[WhiteElo "2412"]
[BlackElo "2121"]
[PlyCount "106"]
[EventDate "2019.10.04"]
[EventType "team"]
[EventRounds "11"]
[EventCountry "AUT"]
[WhiteTeam "Absam"]
[BlackTeam "ASK Salzburg"]

1. Nf3 Nf6 2. c4 g6 3. Nc3 Bg7 4. g3 O-O 5. Bg2 d6 6. d4 Nc6 7. O-O a6 8. b3
Rb8 9. d5 Na5 10. Bg5 h6 11. Bd2 c5 12. dxc6 Nxc6 13. Rc1 b5 14. Nd5 Ne4 15.
cxb5 Rxb5 16. Nc3 Nxd2 17. Nxd2 Rc5 18. Nde4 Ra5 19. Na4 Nd4 20. e3 Ne6 21. Nd2
d5 22. b4 Rb5 23. a3 a5 24. Rb1 Ba6 25. Re1 Qd6 26. Bf1 Rbb8 27. b5 Bb7 28. Qb3
Rfc8 29. Rec1 d4 30. e4 d3 31. Nc4 Qd4 32. Bxd3 Bxe4 33. Bxe4 Qxe4 34. Nd2
Rxc1+ 35. Rxc1 Qe2 36. Qe3 Nd4 37. Kg2 Qxb5 38. Nc3 Qc6+ 39. Qe4 Qxe4+ 40.
Ncxe4 f5 41. Nc5 Rc8 42. Rc4 Kf7 43. Nb7 Rxc4 44. Nxc4 a4 45. Nc5 Nc2 46. Nxa4
Ke6 47. Nab6 Bd4 48. a4 Ne1+ 49. Kf1 Nd3 50. f4 Nb4 51. Ke2 Nd5 52. Nxd5 Kxd5
53. Nd2 e5  1/2-1/2

[Event "2. Bundesliga West 2019/20"]
[Site "Festsaal Marktplatz 3, 5620 Schwarzach"]
[Date "2020.01.19"]
[Round "8"]
[Board "3"]
[White "Scheiblmaier, Robert"]
[Black "Tica, Sven"]
[Result "1/2-1/2"]
[WhiteElo "2177"]
[BlackElo "2418"]
[PlyCount "108"]
[EventDate "2019.10.04"]
[EventType "team"]
[EventRounds "11"]
[EventCountry "AUT"]
[WhiteTeam "ASK Salzburg"]
[BlackTeam "Absam"]

1. d4 d5 2. c4 e6 3. Nf3 Nf6 4. g3 Be7 5. Bg2 O-O 6. O-O c6 7. Nbd2 b6 8. Qc2
Bb7 9. e4 Na6 10. a3 c5 11. exd5 exd5 12. dxc5 Nxc5 13. b4 Ne6 14. cxd5 Rc8 15.
Qa4 Bxd5 16. Bb2 Qc7 17. Rac1 Qb7 18. Rxc8 Rxc8 19. Rc1 Rd8 20. Qc2 h6 21. h4
a6 22. Ne1 a5 23. bxa5 bxa5 24. Nf1 Bxg2 25. Nxg2 Nd4 26. Bxd4 Rxd4 27. Qf5 a4
28. Rc8+ Rd8 29. Rxd8+ Bxd8 30. Qd3 Be7 31. Nge3 Qb2 32. Nc4 Qa2 33. Nfe3 Bc5
34. Qd8+ Kh7 35. Qd3+ g6 36. Kg2 h5 37. Qc2 Qxc2 38. Nxc2 Ne4 39. f3 Nc3 40.
Kf1 Kg7 41. Ke1 Kf6 42. Kd2 Nd5 43. Ke2 Ke6 44. f4 Nc3+ 45. Kd3 Nb5 46. Nb2 Bf2
47. Nxa4 Bxg3 48. Ke4 f5+ 49. Kf3 Bxh4 50. Nc5+ Kd5 51. Nd7 Nc3 52. Nf8 g5 53.
Ne3+ Kc6 54. fxg5 Bxg5  1/2-1/2

[Event "2. Bundesliga West 2019/20"]
[Site "Festsaal Marktplatz 3, 5620 Schwarzach"]
[Date "2020.01.19"]
[Round "8"]
[Board "4"]
[White "Deglmann, Ludwig"]
[Black "Wollrab, Richard"]
[Result "1-0"]
[WhiteElo "2258"]
[BlackElo "2107"]
[PlyCount "57"]
[EventDate "2019.10.04"]
[EventType "team"]
[EventRounds "11"]
[EventCountry "AUT"]
[WhiteTeam "Absam"]
[BlackTeam "ASK Salzburg"]

1. f4 d5 2. Nf3 g6 3. g3 Bg7 4. Bg2 c6 5. d3 Qb6 6. c3 Nh6 7. e4 dxe4 8. dxe4
Be6 9. Qe2 Qa6 10. Na3 O-O 11. h3 f5 12. Ng5 Bf7 13. e5 Bd5 14. Bxd5+ cxd5 15.
Nb5 Rc8 16. Be3 Nf7 17. Nxf7 Kxf7 18. g4 Nd7 19. gxf5 gxf5 20. Qd3 Qe6 21.
O-O-O Nc5 22. Bxc5 Rxc5 23. Nd4 Qc8 24. Nxf5 Bf8 25. Nd4 Kg8 26. Kb1 Kh8 27.
Rhg1 e6 28. Qg3 Bh6 29. f5  1-0

[Event "2. Bundesliga West 2019/20"]
[Site "Festsaal Marktplatz 3, 5620 Schwarzach"]
[Date "2020.01.19"]
[Round "8"]
[Board "5"]
[White "Flatz, Helmut"]
[Black "Gerhold, Michael"]
[Result "1/2-1/2"]
[WhiteElo "1877"]
[BlackElo "2210"]
[PlyCount "164"]
[EventDate "2019.10.04"]
[EventType "team"]
[EventRounds "11"]
[EventCountry "AUT"]
[WhiteTeam "ASK Salzburg"]
[BlackTeam "Absam"]

1. c4 e6 2. g3 d5 3. Bg2 Nf6 4. d4 Be7 5. Nf3 O-O 6. Qc2 c5 7. O-O cxd4 8. Nxd4
e5 9. Nf5 d4 10. Nxe7+ Qxe7 11. e4 Nc6 12. a3 a5 13. Qd3 Nd7 14. b3 Nc5 15. Qc2
Be6 16. Nd2 Rfd8 17. Bb2 Rab8 18. a4 Nb4 19. Qd1 f6 20. Ba3 Nc6 21. f4 b6 22.
f5 Bf7 23. h4 Qc7 24. Kh1 Kh8 25. g4 d3 26. Bb2 Nd4 27. Bxd4 Rxd4 28. Qf3 Be8
29. Rfe1 Bc6 30. Re3 Rbd8 31. Kh2 Qb7 32. Rg1 Rf8 33. g5 Qe7 34. Bf1 Rfd8 35.
Rg3 Qb7 36. Bg2 Na6 37. Qg4 Nc5 38. gxf6 gxf6 39. h5 Qf7 40. h6 Rg8 41. Qxg8+
Qxg8 42. Rxg8+ Kxg8 43. Rg3+ Kf8 44. Rg4 Rd7 45. Bf3 Nb7 46. Rg2 Nd6 47. Kg3
Nf7 48. Rh2 Ng5 49. Rh4 Ke7 50. Kf2 Kd6 51. Ke3 Kc5 52. Rh1 Kb4 53. Rc1 Kc5 54.
Rd1 Nf7 55. Rg1 Nxh6 56. Rh1 Ng8 57. Rg1 Ne7 58. Rh1 Nc8 59. Rh6 Rd6 60. Rxh7
Bd7 61. Rh1 Na7 62. Rc1 Nc6 63. Rh1 Nb4 64. Bd1 Na6 65. Rh6 Bc6 66. Nf3 Nb8 67.
Nd2 Kb4 68. Nf3 Nd7 69. Nd2 Nc5 70. Rh8 Kc3 71. Nb1+ Kb2 72. Nd2 Kc1 73. Rh1
Rd4 74. Bf3+ Kc2 75. Bd1+ Kc3 76. Rh4 Kb4 77. Rg4 Kc3 78. Nb1+ Kb4 79. Nd2 Rd8
80. Rg6 Rh8 81. Rxf6 Rh3+ 82. Bf3 Be8  1/2-1/2